000 01151nam a22002057a 4500
999 _c59179
_d59179
003 Ge_BSU
005 20221202111225.0
008 221202s1983ge xxu||||| |||| 00| 0 geo d
041 _ageo
080 _a821.353.1-11 ბ-25
100 _aბარათაშვილი, ნიკოლოზ, 1817-1845, ავტორი.
_916306
245 _aბედი ქართლისა = Судьба Грузии :
_b[პოემა] /
_c ნიკოლოზ ბარათაშვილი ; შემდგ. და მხატვრ. გაფორმების ავტ.: გ. გორდელაძე].
264 _aთბილისი :
_bხელოვნება,
_c1983.
300 _a32 გვ. :
_bპორტრ, 7 ფ. ილ.
_c26 სმ.
520 _aპარალ. თავფურც. და ტექსტი რუს. ენაზე.
653 _aბედი ქართლისა
653 _aპოემა
700 _aგორდელაძე, გ
_eშემდგენელი და მხატვარ.გაფორმების ავტორი
_97668
942 _2udc
_cBK